Jaya Hindī, jaya Hindustāna; (Record no. 75855)

MARC details
000 -LEADER
fixed length control field 00730cam a22002291 4500
001 - CONTROL NUMBER
control field sa 67006319
003 - CONTROL NUMBER IDENTIFIER
control field DLC
005 - DATE AND TIME OF LATEST TRANSACTION
control field 20260227112406.0
008 - FIXED-LENGTH DATA ELEMENTS--GENERAL INFORMATION
fixed length control field 890718s1966 ii 000 0 hino
010 ## - LIBRARY OF CONGRESS CONTROL NUMBER
LC control number sa 67006319
035 ## - SYSTEM CONTROL NUMBER
System control number (OCoLC)20029573
040 ## - CATALOGING SOURCE
Original cataloging agency DLC
Transcribing agency WaU
Modifying agency NRU
-- DLC
042 ## - AUTHENTICATION CODE
Authentication code premarc
050 00 - LIBRARY OF CONGRESS CALL NUMBER
Classification number PK2057
Item number .C28
100 1# - MAIN ENTRY--PERSONAL NAME
Personal name Caturvedī, Bhagavataśaraṇa.
245 10 - TITLE STATEMENT
Title Jaya Hindī, jaya Hindustāna;
Remainder of title Bhr̄atī-putrọm kī Hindī ke prati arpita sarasa bhāvanāoṃ kā sankalana.
Statement of responsibility, etc. Sampādaka Bhagavataśaraṇa Caturvedei.
250 ## - EDITION STATEMENT
Edition statement [1. saṃskaraṇa]
260 ## - PUBLICATION, DISTRIBUTION, ETC.
Place of publication, distribution, etc. Jayapura,
Name of publisher, distributor, etc. Rājasthāna Prakāśana
Date of publication, distribution, etc. [1966]
300 ## - PHYSICAL DESCRIPTION
Extent 48 p.
Dimensions 19 cm.
500 ## - GENERAL NOTE
General note In Hindi.
650 #0 - SUBJECT ADDED ENTRY--TOPICAL TERM
Topical term or geographic name entry element Hindi poetry.

No items available.

Powered by Koha